Pocket poems / (Record no. 1682)

MARC details
000 -LEADER
fixed length control field 00944cam a2200277 a 4500
005 - DATE AND TIME OF LATEST TRANSACTION
control field 20240108135048.0
020 ## - INTERNATIONAL STANDARD BOOK NUMBER
International Standard Book Number 0545484312
040 ## - CATALOGING SOURCE
Original cataloging agency DLC
Transcribing agency DLC
Modifying agency DLC
Language of cataloging eng
050 00 - LIBRARY OF CONGRESS CALL NUMBER
Classification number PS586.P634
082 00 - DEWEY DECIMAL CLASSIFICATION NUMBER
Classification number 811.008
Edition number 22
100 ## - MAIN ENTRY--PERSONAL NAME
Personal name Katz, Bobbi
245 00 - TITLE STATEMENT
Title Pocket poems /
Statement of responsibility, etc. selected by Bobbi Katz ; illustrated by Marylin Hafner.
250 ## - EDITION STATEMENT
Edition statement First Edition
260 ## - PUBLICATION, DISTRIBUTION, ETC.
Place of publication, distribution, etc. New York :
Name of publisher, distributor, etc. Scholastic
Date of publication, distribution, etc. 2004
300 ## - PHYSICAL DESCRIPTION
Extent 28 pages :
Other physical details color illustrations ;
Dimensions 27 cm
505 ## - FORMATTED CONTENTS NOTE
Formatted contents note N <br/>
520 ## - SUMMARY, ETC.
Summary, etc. A collection of short poems by such authors as: Gwendolyn Brooks, Emily Dickinson, Emily George, Nikki Giovanni, Eve Merriam, and Charlotte Pomerantz.
521 ## - TARGET AUDIENCE NOTE
Target audience note 530 <br/>
Source Lexile <br/>
521 ## - TARGET AUDIENCE NOTE
Target audience note N <br/>
Source Raz-Plus <br/>
650 #0 - SUBJECT ADDED ENTRY--TOPICAL TERM
Topical term or geographic name entry element Children's poetry, American.
650 #1 - SUBJECT ADDED ENTRY--TOPICAL TERM
Topical term or geographic name entry element American poetry
Form subdivision Collections.
700 1# - ADDED ENTRY--PERSONAL NAME
Personal name Hafner, Marylin,
Relator term illustrator
906 ## - LOCAL DATA ELEMENT F, LDF (RLIN)
a 7
b cbc
c orignew
d 1
e ocip
f 20
g y-gencatlg
942 ## - ADDED ENTRY ELEMENTS (KOHA)
Source of classification or shelving scheme Dewey Decimal Classification
Koha item type Books
Suppress in OPAC No
999 ## -
-- 1682
-- 1682
Holdings
Withdrawn status Lost status Source of classification or shelving scheme Damaged status Not for loan Collection Home library Current library Shelving location Date acquired Total Checkouts Full call number Barcode Date last seen Date last checked out Copy number Price effective from Koha item type
    Dewey Decimal Classification     Juvenile Fiction Footprints International School Library Network Toul Kork Campus Footprints International School Library Network Toul Kork Campus   09/14/2023 1 KAT Fic PS586.P634 FIS04678 12/12/2023 12/05/2023 1 09/14/2023 Books
    Dewey Decimal Classification     Juvenile Fiction Footprints International School Library Network Toul Kork Campus Footprints International School Library Network Toul Kork Campus   09/14/2023 2 KAT Fic PS586.P634 FISBK05563 09/18/2024 09/11/2024 2 09/14/2023 Books
    Dewey Decimal Classification     Juvenile Fiction Footprints International School Library Network Toul Kork Campus Footprints International School Library Network Toul Kork Campus   09/14/2023 2 KAT Fic PS586.P634 FISBK05567 01/15/2024 01/08/2024 3 09/14/2023 Books